| 000 | 00451nam a2200181Ia 4500 | ||
|---|---|---|---|
| 001 | 24094 | ||
| 005 | 20260414151020.0 | ||
| 008 | 260414t2005||||xx |||||||||||||| ||spa|| | ||
| 041 | _aESP | ||
| 082 |
_a780.1 _bF87 |
||
| 100 |
_aFubini, Enrico _eAUT |
||
| 245 | 0 |
_aLa estética musical desde la antigüedad hasta el siglo XX _b |
|
| 260 | _c2005 | ||
| 300 |
_a596 páginas : _ccm. |
||
| 650 | _aABD | ||
| 654 | _aCAU | ||
| 942 |
_cLIB _dJUS _fJUS _2ddc _n |
||
| 999 |
_c24094 _d24094 |
||